000
00288nam a22001217a 4500
008
170609b xxu||||| |||| 00| 0 eng d
041
_a
eng
080
_a
327
100
_a
19
101
_a
SHP
245
_a
THE AMERICAN THE DEMOCRATIC EXPERIENCE
_c
BOORSTEIN.D.J
942
_2
udc
_c
BK
999
_c
16617
_d
16617